| 000 | 00720cab a2200241 4500 | ||
|---|---|---|---|
| 001 | WB2919-34 | ||
| 008 | 090401t1993 xxu||||| |||| 00| 0 eng d | ||
| 035 | _a(Sirsi) u31538 | ||
| 041 | _aeng | ||
| 245 | _aBuilding hopes on recovery | ||
| 260 | _c1993 | ||
| 350 | _a0 | ||
| 490 |
_aEuropean _v20 May 1993, 42(1) |
||
| 520 | _aAs office building in Spain is at a higher rate than occupancy, market analysts look for general economic recovery in 1994 to avoid the recessionary consequences experienced by Great Britain. | ||
| 650 | _aBARCELONA | ||
| 650 | _aMADRID | ||
| 650 | _aOFFICES | ||
| 650 | _aSERVICE SECTOR | ||
| 650 | _aSUPPLY | ||
| 690 | _aOVERSEAS-EUROPE | ||
| 942 | _n0 | ||
| 948 | _c04/03/1997 | ||
| 999 |
_c21174 _d21174 |
||